000 00441nam a2200157 i 4500
001 81154
003 ES-MaACL
005 20230906174359.0
007 t|
008 041103s1972 xxu ||||1| spa d
245 0 0 _aHomenaje a Julio Cortázar /
_ceditor Helmy F. Giacoman.
260 _a[New York] :
_bLas Americas,
_c[1972]
300 _a489 p. ;
_c22 cm.
700 1 _aGiacoman, Helmy Fuad.
_956594
852 _aES-MaACL
_jC-42946
_bR.83233
999 _c81154
_d81154